000 00602nam a2200229Ia 4500
003 OSt
005 20220928143140.0
006 a|||||r|||| 00| 0
007 ta
008 220927b |||||||| |||| 00| 0 eng d
024 _a21234
037 _cTextual
040 _aSDCL
_cSDCL
_beng
041 _2eng
_aeng
082 _aX:89P:(B), L6
100 _aKundu Amitabh
_9494821
245 0 _aInput-output framework and economic analysis
260 _c1976
700 _a Mathur P N
_9389240
942 _hX:89P:(B), L6
_cTEXL
_2CC
999 _c823278
_d823278